Normal view
MARC view
Entry Topical Term
001 - CONTROL NUMBER
- control field: 67435
003 - CONTROL NUMBER IDENTIFIER
- control field: OSt
005 - DATE AND TIME OF LATEST TRANSACTION
- control field: 20170613124105.0
008 - FIXED-LENGTH DATA ELEMENTS
- fixed length control field: 170613|| aca||aabn | a|a d
040 ## - CATALOGING SOURCE
- Original cataloging agency: OSt
- Transcribing agency: OSt
150 ## - HEADING--TOPICAL TERM
- Topical term or geographic name entry element: Relition
670 ## - SOURCE DATA FOUND
- Source citation: Work cat.: (OSt): Joshy Dhruva 67434, Nepal's Republic and India, 2016









